书目信息 |
| 题名: |
欧洲MBA浓缩读本
|
|
| 作者: | 王革非 著 | |
| 分册: | ||
| 出版信息: | 北京 清华大学出版社 2001 |
|
| 页数: | 330页 | |
| 开本: | 23cm | |
| 丛书名: | ||
| 单 册: | ||
| 中图分类: | F203.9 | |
| 科图分类: | ||
| 主题词: | 工商行政管理 | |
| 电子资源: | ||
| ISBN: | 7-302-04413-9 | |
| 000 | 00633nam0 2200217 450 | |
| 001 | 0651383624 | |
| 005 | 20060116142019.64 | |
| 010 | @a7-302-04413-9@dCNY29.00 | |
| 092 | @aCN | |
| 100 | @a20060116d2001 km y0chiy0120 ea | |
| 101 | 0 | @achi |
| 102 | @aCN@b110000 | |
| 200 | 1 | @a欧洲MBA浓缩读本@Aou zhou MBA nong suo du ben@e我的MBA学习笔记@f王革非著@Fwang ge fei zhu |
| 210 | @a北京@c清华大学出版社@d2001 | |
| 215 | 1 | @a330页@d23cm |
| 517 | 1 | @a我的MBA学习笔记@Awo de MBA xue xi bi ji |
| 606 | 0 | @a工商行政管理 |
| 690 | @aF203.9@v4 | |
| 701 | 0 | @a王革非@Awang ge fei@4著 |
| 801 | 0 | @aCN@bPFT@c20060116 |
| 905 | @a10447@dF203.9@e46 | |
| 欧洲MBA浓缩读本:我的MBA学习笔记/王革非著.-北京:清华大学出版社,2001 |
| 330页;23cm |
| ISBN 7-302-04413-9:CNY29.00 |
| ● |
| 相关链接 |
|
|
|
|
正题名:欧洲MBA浓缩读本
索取号:F203.9/46
 
预约/预借
| 序号 | 登录号 | 条形码 | 馆藏地/架位号 | 状态 | 备注 |
| 1 | 0337998 | 203379986 | 第一样本阅览室/ [索取号:F203.9/46] | 在馆 | |
| 2 | 0337999 | 203379995 | 第一借阅区/ [索取号:F203.9/46] | 在馆 | |
| 3 | 0338000 | 203380000 | 第一借阅区/ [索取号:F203.9/46] | 在馆 | |
| 4 | 0338001 | 203380019 | 第一借阅区/ [索取号:F203.9/46] | 在馆 |